A preface to literary analysis (Record no. 127055)
[ view plain ]
| 000 -LEADER | |
|---|---|
| fixed length control field | 00788cam a22002531 4500 |
| 001 - CONTROL NUMBER | |
| control field | 9859002 |
| 003 - CONTROL NUMBER IDENTIFIER | |
| control field | ARRUPE |
| 005 - DATE AND TIME OF LATEST TRANSACTION | |
| control field | 20171006105453.0 |
| 008 - FIXED-LENGTH DATA ELEMENTS--GENERAL INFORMATION | |
| fixed length control field | 720524s1964 ilu 000 0 eng |
| 010 ## - LIBRARY OF CONGRESS CONTROL NUMBER | |
| LC control number | 64025733 |
| 035 ## - SYSTEM CONTROL NUMBER | |
| System control number | (OCoLC)316524 |
| 040 ## - CATALOGING SOURCE | |
| Original cataloging agency | DLC |
| Transcribing agency | OAU |
| Modifying agency | OCoLC |
| -- | DLC |
| 042 ## - AUTHENTICATION CODE | |
| Authentication code | premarc |
| 050 00 - LIBRARY OF CONGRESS CALL NUMBER | |
| Classification number | PN45 |
| Item number | .Z53 |
| 082 ## - DEWEY DECIMAL CLASSIFICATION NUMBER | |
| Classification number | 809 |
| 300 ## - PHYSICAL DESCRIPTION | |
| Dimensions | 21 cm. |
| 100 1# - MAIN ENTRY--PERSONAL NAME | |
| Personal name | Zitner, Sheldon P. |
| 9 (RLIN) | 36756 |
| 245 12 - TITLE STATEMENT | |
| Title | A preface to literary analysis |
| Statement of responsibility, etc | Sheldon P. Zitner, James D. Kissane and Myron M. Liberman. |
| 260 ## - PUBLICATION, DISTRIBUTION, ETC. (IMPRINT) | |
| Place of publication, distribution, etc | Chicago, |
| Name of publisher, distributor, etc | Scott, Foresman |
| Date of publication, distribution, etc | 1964 |
| 300 ## - PHYSICAL DESCRIPTION | |
| Extent | 140 p. |
| 650 #0 - SUBJECT ADDED ENTRY--TOPICAL TERM | |
| Topical term or geographic name as entry element | Literature. |
| 9 (RLIN) | 36757 |
| 650 #0 - SUBJECT ADDED ENTRY--TOPICAL TERM | |
| Topical term or geographic name as entry element | Literature |
| General subdivision | Study and teaching. |
| 9 (RLIN) | 36758 |
| 906 ## - LOCAL DATA ELEMENT F, LDF (RLIN) | |
| a | 7 |
| b | cbc |
| c | oclcrpl |
| d | u |
| e | ncip |
| f | 19 |
| g | y-gencatlg |
| 942 ## - ADDED ENTRY ELEMENTS (KOHA) | |
| Source of classification or shelving scheme | Library of Congress Classification |
| Koha item type | Monograph ( Printed materials) |
| Withdrawn status | Lost status | Source of classification or shelving scheme | Damaged status | Not for loan | Collection code | Home library | Current library | Shelving location | Date acquired | Total Checkouts | Full call number | Barcode | Date last seen | Price effective from | Koha item type |
|---|---|---|---|---|---|---|---|---|---|---|---|---|---|---|---|
| Library of Congress Classification | Main Collection | ARRUPE LIBRARY | ARRUPE LIBRARY | Main Collection | 06/10/2017 | PN45 .Z53 | 46500027863 | 27/03/2019 | 06/10/2017 | Monograph ( Printed materials) |